Southville International School and Colleges
Your cart is empty.
  • Cart
  • Lists
    Public lists Eva Luna New books Lux_list list_1
    Your lists Log in to create your own lists
  • Log in to your account
  • Your cookies
  • Search history
Southville International School and Colleges
  • Advanced search
  • Recent comments
  • Most popular
  • Libraries

Log in to your account

Log in with GOOGLE


If you do not have an external account, but do have a local account, you can still log in:

  1. Home
  2. MARC view: Business math for dummies /
Normal view MARC view ISBD view

Business math for dummies / (Record no. 23374)

[ view plain ]
MARC details
000 -LEADER
fixed length control field 00547nam a2200193 a 4500
005 - DATE AND TIME OF LATEST TRANSACTION
control field 20140310183450.0
008 - FIXED-LENGTH DATA ELEMENTS--GENERAL INFORMATION
fixed length control field 090120s19uu xx 00 eng d
020 ## - INTERNATIONAL STANDARD BOOK NUMBER
International Standard Book Number 97804702333313
050 ## - LIBRARY OF CONGRESS CALL NUMBER
Classification number HF 5691
Item number .St74 2008
100 ## - MAIN ENTRY--PERSONAL NAME
Personal name Sterling, Mary Jane
245 ## - TITLE STATEMENT
Title Business math for dummies /
Statement of responsibility, etc Mary Jane Sterling
260 ## - PUBLICATION, DISTRIBUTION, ETC. (IMPRINT)
Place of publication, distribution, etc Hoboken, New Jersey :
Name of publisher, distributor, etc Wiley Publishing, Inc,
Date of publication, distribution, etc 2008.
300 ## - PHYSICAL DESCRIPTION
Extent 388 p. :
Other physical details ill. ;
Dimensions 24 cm.
521 ## - TARGET AUDIENCE NOTE
Target audience note
650 ## - SUBJECT ADDED ENTRY--TOPICAL TERM
Topical term or geographic name as entry element BSBA.
650 ## - SUBJECT ADDED ENTRY--TOPICAL TERM
Topical term or geographic name as entry element Business Mathematics.
942 ## - ADDED ENTRY ELEMENTS (KOHA)
Koha item type Books
Source of classification or shelving scheme Library of Congress Classification
Call number prefix Foreign
Holdings
Withdrawn status Lost status Source of classification or shelving scheme Damaged status Home library Current library Shelving location Date acquired Source of acquisition Cost, normal purchase price Total Checkouts Total Renewals Full call number Barcode Date last seen Date checked out Copy number Price effective from Koha item type
    Library of Congress Classification   College Library College Library Reserve Section 01/20/2009   1647.00 3 17 HF 5691 .St74 2008 C10050 05/28/2025 03/21/2025 1 10/18/2013 Books

Business math for dummies /

APA

Sterling M. J., . (2008). Business math for dummies. Hoboken, New Jersey: Wiley Publishing, Inc.

Chicago

Sterling Mary Jane, . 2008. Business math for dummies. Hoboken, New Jersey: Wiley Publishing, Inc.

Harvard

Sterling M. J., . (2008). Business math for dummies. Hoboken, New Jersey: Wiley Publishing, Inc.

MLA

Sterling Mary Jane, . Business math for dummies. Hoboken, New Jersey: Wiley Publishing, Inc. 2008.

  • Place hold
  • Print
  • Cite
  • Add to your cart (remove)
  • Save record
    BIBTEX Dublin Core MARCXML MARC (non-Unicode/MARC-8) MARC (Unicode/UTF-8) MARC (Unicode/UTF-8, Standard) MODS (XML) RIS
  • More searches
    Search for this title in:
    Other Libraries (WorldCat) Other Databases (Google Scholar) Online Stores (Bookfinder.com) Open Library (openlibrary.org)

Exporting to Dublin Core...

SOUTHVILLE LIBRARY

Southville International School and Colleges Library

1281 Tropical Ave. Cor. Luxembourg St., BF Homes International, Las Pinas City

Tel. No. 8256374 / 252358 Loc. 117/146

Powered by Koha